000 00840cab a2200289 4500
001 ABS53710
008 090401t1995 xxu||||| |||| 00| 0 eng d
035 _a(Sirsi) u6106
041 _aeng
245 _aEstates Times Feature: Devon & Cornwall
260 _c1995
350 _a0
490 _aEstates Times
_v(1297) 6 October 1995, 16-20(5)
650 _aCORNWALL
650 _aDEVON
650 _aEXETER
650 _aINDUSTRIAL MARKET
650 _aINDUSTRIAL RENTS
650 _aPROPERTY-COMMERCIAL PROPERTY-OFFICE PROPERTY-OFFICE PROPERTY MARKET
650 _aOFFICE RENTS
650 _aPLYMOUTH
650 _aPROPERTY-COMMERCIAL PROPERTY-RETAIL PROPERTY-RETAIL PROPERTY MARKET
650 _aRETAIL RENTS
690 _aPROPERTY-COMMERCIAL PROPERTY-COMMERCIAL PROPERTY MARKET
942 _n0
948 _c04/03/1997
999 _c3665
_d3665